MARC details
| 000 -CABECERA |
| campo de control de longitud fija |
01079cam a2200265 a 4500 |
| 001 - NÚMERO DE CONTROL |
| campo de control |
000007731 |
| 005 - FECHA Y HORA DE LA ÚLTIMA TRANSACCIÓN |
| campo de control |
20200929154258.0 |
| 008 - DATOS DE LONGITUD FIJA--INFORMACIÓN GENERAL |
| campo de control de longitud fija |
020927s2001 gt 001 e spa |
| 040 ## - FUENTE DE LA CATALOGACIÓN |
| Centro catalogador/agencia de origen |
DO-SdBNP |
| Centro/agencia transcriptor |
DLC |
| Centro/agencia modificador |
DLC |
| 082 ## - NÚMERO DE LA CLASIFICACIÓN DECIMAL DEWEY |
| Número de clasificación |
G864.4 |
| Número de documento/Ítem |
V432p |
| 100 1# - ENTRADA PRINCIPAL--NOMBRE DE PERSONA |
| Nombre de persona |
Vela, David, |
| Fechas asociadas al nombre |
1901-1992. |
| 9 (RLIN) |
21404 |
| 245 10 - MENCIÓN DE TÍTULO |
| Título |
Páginas vividas : |
| Resto del título |
selección de ensayos / |
| Mención de responsabilidad, etc. |
David Vela ; compiladores, Héctor Guillermo Pineda, Rolando Castellanos y Olga Leticia Solís de Calderón. |
| 260 ## - PUBLICACIÓN, DISTRIBUCIÓN, ETC. |
| Lugar de publicación, distribución, etc. |
Guatemala : |
| Nombre del editor, distribuidor, etc. |
Cultura, |
| Fecha de publicación, distribución, etc. |
2001. |
| 300 ## - DESCRIPCIÓN FÍSICA |
| Extensión |
130 p. ; |
| Dimensiones |
22 cm. |
| 490 1# - MENCIÓN DE SERIE |
| Mención de serie |
Ensayo |
| -- |
Luis Cardoza y Aragón |
| Designación de volumen o secuencia |
28 |
| 500 ## - NOTA GENERAL |
| Nota general |
"Publicación de la Comisión para el centenario del nacimiento de David Vela." |
| 504 ## - NOTA DE BIBLIOGRAFÍA, ETC. |
| Nota de bibliografía, etc. |
Bibliografía p. 129-130. |
| 650 #4 - PUNTO DE ACCESO ADICIONAL DE MATERIA--TÉRMINO DE MATERIA |
| Término de materia o nombre geográfico como elemento de entrada |
Ensayos guatemalteco |
| 9 (RLIN) |
21405 |
| 650 #4 - PUNTO DE ACCESO ADICIONAL DE MATERIA--TÉRMINO DE MATERIA |
| Término de materia o nombre geográfico como elemento de entrada |
Literatura guatemalteco |
| 9 (RLIN) |
21406 |
| 700 1# - PUNTO DE ACCESO ADICIONAL--NOMBRE DE PERSONA |
| Nombre de persona |
Pineda, Héctor Guillermo, |
| Término indicativo de función/relación |
comp. |
| 9 (RLIN) |
21407 |
| 700 1# - PUNTO DE ACCESO ADICIONAL--NOMBRE DE PERSONA |
| Nombre de persona |
Castellanos, Rolando, |
| Término indicativo de función/relación |
comp. |
| 9 (RLIN) |
21408 |
| 700 1# - PUNTO DE ACCESO ADICIONAL--NOMBRE DE PERSONA |
| Nombre de persona |
Solís de Calderón, Olga Leticia, |
| Término indicativo de función/relación |
comp. |
| 9 (RLIN) |
21409 |
| 830 #0 - PUNTO DE ACCESO ADICIONAL DE SERIE-TÍTULO UNIFORME |
| Título uniforme |
Ensayo, |
| Nombre de parte o sección de la obra |
Luis Cardoza y Aragón ; |
| Designación de volumen o secuencia |
28. |
| 9 (RLIN) |
21182 |
| 910 ## - DATOS DE OPCIÓN DEL USUARIO (OCLC) |
| Datos de opción del usuario |
Catalogación por copia / LC |